000 00417 a2200145 4500
005 20250625031912.0
020 _a978-0-273-71438-5
082 _a650 AND
100 _aANDERSON, A
245 _aBrilliant Photoshop: What You Need to Know and How to do it
260 _aHarlow
_bPearson Education Ltd
_c2007
300 _axxii, 569p.: ill.; figures, pictures
_bIndex
_c23cm
700 _aSteve Johnson
942 _2ddc
_cBKS
999 _c4883
_d4883